Griechische Götter - Statistiken

Allgemein
  • Dieses Quiz wurde 1.169 mal gespielt
    433 seit der letzten Aktualisierung
  • Das Durchschnittsergebnis liegt bei 13 aus 20
Answers on the Grid
Answers color-coded by a green-red scale on the quiz's grid according to % correct below.
Hermes
Zeus
Hades
Kratos
Demeter
Poseidon
Iris
Mars
Apollon
Artemis
Hades
Isis
Gott
Baldur
Sembalion
Sokrates
Ares
Maria
Jesus
Percy Jakson
Athene
Dionysos
Hephaistos
Aphrodite
Themis
Chaos
Kronos
Koios
Coolos
Mnemosyne
 
Antwortstatistiken
Antwort % Korrekt
Zeus
94%
Hermes
91%
Hades
89%
Poseidon
89%
Apollon
76%
Hades
76%
Ares
75%
Artemis
75%
Demeter
75%
Athene
74%
Aphrodite
70%
Dionysos
66%
Hephaistos
64%
Kronos
59%
Iris
43%
Kratos
36%
Themis
36%
Mnemosyne
32%
Koios
31%
Chaos
29%
Keine übereinstimmenden Quizze gefunden
Verteilung der Resultate
Anzahl Personen mit jedem Resultat
Perzentil nach korrekt beantworteten Fragen
Ihre Resultats-Entwicklung
Sie haben dieses Quiz seit der letzten Aktualisierung nicht gespielt